Impact of large installations on nearby areas (Record no. 491959)

MARC details
000 -LEADER
fixed length control field 00765nam a2200241Ia 4500
003 - CONTROL NUMBER IDENTIFIER
control field OSt
005 - DATE AND TIME OF LATEST TRANSACTION
control field 20220925174819.0
008 - FIXED-LENGTH DATA ELEMENTS--GENERAL INFORMATION
fixed length control field 220923b |||||||| |||| 00| 0 eng d
037 ## - SOURCE OF ACQUISITION
Terms of availability General Book
040 ## - CATALOGING SOURCE
Original cataloging agency RTL
Transcribing agency RTL
Language of cataloging eng
041 ## - LANGUAGE CODE
Source of code eng
Language code of text/sound track or separate title eng
100 ## - MAIN ENTRY--PERSONAL NAME
Personal name Breese Gerlad, and others
9 (RLIN) 247646
245 #0 - TITLE STATEMENT
Title Impact of large installations on nearby areas
Remainder of title Acc
260 ## - PUBLICATION, DISTRIBUTION, ETC.
Place of publication, distribution, etc. California
Name of publisher, distributor, etc. Sage Publications
Date of publication, distribution, etc. 1965
300 ## - PHYSICAL DESCRIPTION
Extent 632p
Dimensions cm.
490 ## - SERIES STATEMENT
Series statement Princeton University, Bureau of Urban Research Publication
650 ## - SUBJECT ADDED ENTRY--TOPICAL TERM
Topical term or geographic name entry element Urban Sociology
9 (RLIN) 34088
942 ## - ADDED ENTRY ELEMENTS (KOHA)
Classification part Y330gX9.73.N6, K5
Koha item type General Books
Source of classification or shelving scheme Colon Classification (CC)
Holdings
Withdrawn status Lost status Damaged status Not for loan Home library Current library Date acquired Total Checkouts Full call number Barcode Date last seen Price effective from Koha item type
        Ratan Tata Library Ratan Tata Library 2022-09-25   Y330gX9.73.N6 K5 RT0568013 2022-09-25 2022-09-25 General Books
Copyright @ Delhi University Library System